00963nab a22002417a 4500999001500000003000400015005001700019008004100036040000700077100002900084245007500113260007300188300001500261500004400276505009000320650002400410650003600434650003800470650002200508650003200530773014600562942001300708 c5440d5440OSt20250909103845.0190604e xxu||||| |||| 00| 0 spa d cPJ 95054aSeda, Juan Antonio13aEl plazo del Certificado Único de Discapacidad /cJuan Antonio Seda. aCiudad Autónoma de Buenos Aires :bThomson Reuters La Ley, c2025. ap. 109-111 aCita Online: TR LALEY AR/DOC/285/2025.  t¿Te interesa el texto completo? Solicitalo al correo: koha@justierradelfuego.gov.ar  094514aSALUD PUBLICA 093271aPERSONAS CON DISCAPACIDAD 096450aCERTIFICADO DE DISCAPACIDAD 096430aINVERSIONES 094531aDECRETO REGLAMENTARIO0 0271493171dCiudad Autónoma de Buenos Aires : Thomson Reuters La Ley, 2014-tRevista anales de legislación argentina. Nº 4 - Abril 2025. 2udccANA